[Event "AUTO-INT-3966"]
[Site "http://www.queenalice.com/game.php?id=1872063"]
[Date "2026.4.16"]
[Round "1"]
[White "dosoldini"]
[Black "ricardoguevara"]
[Result "1-0"]
[WhiteElo "1580"]
[BlackElo "1344"]

1. e4 e5 2. Nf3 Nc6 3. a3 Nf6 4. Nc3 Bc5 5. h3 O-O 6. Be2 Bxf2+ 7. Kxf2 b6 8. d3
Ne7 9. Be3 Ng6 10. Nh2 c6 11. d4 d5 12. Nf3 dxe4 13. Nxe5 Nxe5 14. Qg1 Be6 15.
dxe5 Nd5 16. Nxd5 cxd5 17. g3 f6 18. Ke1 fxe5 19. g4 Qh4+ 20. Bf2 Qh6 21. g5 Qg6
22. h4 d4 23. h5 1-0

[Event "AUTO-INT-3966"]
[Site "http://www.queenalice.com/game.php?id=1872064"]
[Date "2026.4.16"]
[Round "1"]
[White "ricardoguevara"]
[Black "dosoldini"]
[Result "0-1"]
[WhiteElo "1337"]
[BlackElo "1587"]

1. e4 e5 2. Nf3 Nc6 3. Bc4 Nf6 4. Ng5 d5 5. exd5 Nd4 6. d6 Be6 7. Bxe6 Nxe6 8.
d3 h6 9. Nxe6 fxe6 10. dxc7 Qxc7 11. O-O O-O-O 12. c3 e4 13. Qb3 exd3 14. Qxe6+
Nd7 15. Nd2 Re8 16. Qg6 Rd8 17. Nf3 Ne5 18. Nxe5 Qxe5 19. Qg4+ Rd7 20. Qc4+ Rc7
21. Qg4+ Kb8 22. Bf4 h5 0-1